[Event "Grand Swiss "]
[Date "2025.09.08"]
[White "Nigmatov, Ortik"]
[Black "Sarana, Alexey"]
[WhiteElo "2488"]
[BlackElo "2686"]
[Round "5.5.51"]
[Result "1/2-1/2"]

1. e4 {[%clk 01:40:56] [%emt 00:00:02]} e5 {[%clk 01:40:55] [%emt 00:00:06]} 2.
Nf3 {[%clk 01:39:59] [%emt 00:01:28]} Nc6 {[%clk 01:41:17] [%emt 00:00:08]} 3.
Bc4 {[%clk 01:40:02] [%emt 00:00:26]} Bc5 {[%clk 01:41:38] [%emt 00:00:09]} 4.
Nc3 {[%clk 01:39:42] [%emt 00:00:50]} Nf6 {[%clk 01:41:11] [%emt 00:00:57]} 5.
d3 {[%clk 01:40:02] [%emt 00:00:11]} h6 {[%clk 01:41:26] [%emt 00:00:14]} 6. h3
{[%clk 01:39:54] [%emt 00:00:37]} d6 {[%clk 01:40:39] [%emt 00:01:18]} 7. Na4
{[%clk 01:39:53] [%emt 00:00:31]} Bb6 {[%clk 01:40:30] [%emt 00:00:39]} 8. a3
{[%clk 01:39:57] [%emt 00:00:26]} O-O {[%clk 01:38:13] [%emt 00:02:47]} 9. O-O
{[%clk 01:39:49] [%emt 00:00:38]} Ne7 {[%clk 01:38:14] [%emt 00:00:29]} 10. Nxb6
{[%clk 01:34:35] [%emt 00:05:44]} axb6 {[%clk 01:35:14] [%emt 00:03:30]} 11. Re1
{[%clk 01:30:03] [%emt 00:05:01]} Ng6 {[%clk 01:35:11] [%emt 00:00:34]} 12. b4
{[%clk 01:15:46] [%emt 00:14:47]} Bd7 {[%clk 01:33:10] [%emt 00:02:31]} 13. d4
{[%clk 01:11:06] [%emt 00:05:09]} c5 {[%clk 01:31:49] [%emt 00:01:51]} 14. dxe5
{[%clk 00:51:39] [%emt 00:19:58]} dxe5 {[%clk 01:30:27] [%emt 00:01:52]} 15. Rb1
{[%clk 00:46:51] [%emt 00:05:19]} Bc6 {[%clk 01:16:49] [%emt 00:14:06]} 16. Qxd8
{[%clk 00:39:42] [%emt 00:07:40]} Rfxd8 {[%clk 01:16:58] [%emt 00:00:22]} 17.
Bb2 {[%clk 00:38:05] [%emt 00:02:06]} b5 {[%clk 01:09:16] [%emt 00:08:11]} 18.
Bd5 {[%clk 00:27:09] [%emt 00:11:26]} Bxd5 {[%clk 00:47:59] [%emt 00:21:48]} 19.
exd5 {[%clk 00:27:33] [%emt 00:00:06]} cxb4 {[%clk 00:48:21] [%emt 00:00:08]}
20. axb4 {[%clk 00:27:39] [%emt 00:00:24]} Nxd5 {[%clk 00:47:55] [%emt
00:00:56]} 21. Nxe5 {[%clk 00:25:29] [%emt 00:02:40]} Nxe5 {[%clk 00:47:05]
[%emt 00:01:20]} 22. Bxe5 {[%clk 00:22:34] [%emt 00:03:24]} Rdc8 {[%clk
00:39:43] [%emt 00:07:53]} 23. Red1 {[%clk 00:18:31] [%emt 00:04:33]} Nb6 {[%clk
00:37:39] [%emt 00:02:33]} 24. Bd4 {[%clk 00:18:07] [%emt 00:00:55]} Nc4 {[%clk
00:37:44] [%emt 00:00:25]} 25. c3 {[%clk 00:17:14] [%emt 00:01:23]} f6 {[%clk
00:37:30] [%emt 00:00:44]} 26. Re1 {[%clk 00:17:09] [%emt 00:00:35]} Kf7 {[%clk
00:36:47] [%emt 00:01:13]} 27. Re2 {[%clk 00:17:33] [%emt 00:00:06]} Re8 {[%clk
00:36:20] [%emt 00:00:56]} 28. Rbe1 {[%clk 00:17:39] [%emt 00:00:24]} Rxe2
{[%clk 00:34:28] [%emt 00:02:22]} 29. Rxe2 {[%clk 00:18:04] [%emt 00:00:05]} h5
{[%clk 00:34:43] [%emt 00:00:16]} 30. h4 {[%clk 00:18:23] [%emt 00:00:11]} Nd6
{[%clk 00:34:44] [%emt 00:00:28]} 31. Bc5 {[%clk 00:12:47] [%emt 00:06:06]} Nf5
{[%clk 00:34:01] [%emt 00:01:14]} 32. Rd2 {[%clk 00:11:59] [%emt 00:01:18]} Ke6
{[%clk 00:34:09] [%emt 00:00:22]} 33. g3 {[%clk 00:12:23] [%emt 00:00:06]} Rc8
{[%clk 00:29:25] [%emt 00:05:12]} 34. Re2+ {[%clk 00:05:45] [%emt 00:07:10]} Kd5
{[%clk 00:28:51] [%emt 00:01:04]} 35. Rd2+ {[%clk 00:06:09] [%emt 00:00:06]} Kc6
{[%clk 00:24:06] [%emt 00:05:15]} 36. Kg2 {[%clk 00:06:20] [%emt 00:00:18]} b6
{[%clk 00:20:43] [%emt 00:03:53]} 37. Be3 {[%clk 00:06:45] [%emt 00:00:06]} Nd6
{[%clk 00:20:24] [%emt 00:00:49]} 38. Kf3 {[%clk 00:06:45] [%emt 00:00:29]} Ra8
{[%clk 00:19:16] [%emt 00:01:39]} 39. Bd4 {[%clk 00:06:29] [%emt 00:00:47]} Rc8
{[%clk 00:13:59] [%emt 00:05:46]} 40. Rd1 {[%clk 00:04:17] [%emt 00:02:42]} Rd8
{[%clk 00:10:17] [%emt 00:04:12]} 41. Kf4 {[%clk 00:40:15] [%emt 00:14:32]} Re8
{[%clk 00:55:12] [%emt 00:05:35]} 42. Bxb6 {[%clk 00:30:56] [%emt 00:09:48]} g5+
{[%clk 00:44:08] [%emt 00:11:34]} 43. hxg5 {[%clk 00:26:10] [%emt 00:05:17]}
fxg5+ {[%clk 00:43:36] [%emt 00:01:02]} 44. Kf3 {[%clk 00:25:55] [%emt
00:00:44]} g4+ {[%clk 00:44:00] [%emt 00:00:07]} 45. Kg2 {[%clk 00:25:47] [%emt
00:00:37]} Re5 {[%clk 00:44:21] [%emt 00:00:09]} 46. Be3 {[%clk 00:22:36] [%emt
00:03:41]} Rd5 {[%clk 00:43:13] [%emt 00:01:39]} 47. Rh1 {[%clk 00:18:09] [%emt
00:04:57]} Nc4 {[%clk 00:38:32] [%emt 00:05:11]} 48. Bf4 {[%clk 00:15:34] [%emt
00:03:05]} Kd7 {[%clk 00:37:27] [%emt 00:01:35]} 49. Ra1 {[%clk 00:10:28] [%emt
00:05:36]} Ke6 {[%clk 00:36:49] [%emt 00:01:08]} 50. Ra8 {[%clk 00:10:46] [%emt
00:00:12]} Nb2 {[%clk 00:35:09] [%emt 00:02:09]} 51. Kf1 {[%clk 00:08:58] [%emt
00:02:19]} Nd3 {[%clk 00:32:36] [%emt 00:03:02]} 52. Be3 {[%clk 00:08:13] [%emt
00:01:16]} Ne5 {[%clk 00:33:00] [%emt 00:00:06]} 53. Ke2 {[%clk 00:06:04] [%emt
00:02:39]} Nc4 {[%clk 00:32:47] [%emt 00:00:43]} 54. Bd4 {[%emt 00:01:30]} Rf5
{[%clk 00:33:06]} 55. Rb8 {[%clk 00:04:59] [%emt 00:00:45]} Kd7 {[%clk 00:32:41]
[%emt 00:00:55]} 56. Kd3 {[%clk 00:05:04] [%emt 00:00:24]} Rf3+ {[%clk 00:33:00]
[%emt 00:00:11]} 57. Ke2 {[%clk 00:04:47] [%emt 00:00:47]} Rf5 {[%clk 00:33:26]
[%emt 00:00:05]} 58. Rh8 {[%clk 00:04:18] [%emt 00:00:59]} Kc6 {[%clk 00:33:43]
[%emt 00:00:12]} 59. Rc8+ {[%clk 00:03:10] [%emt 00:01:38]} Kd5 {[%clk 00:33:31]
[%emt 00:00:42]} 60. Kd3 {[%clk 00:02:37] [%emt 00:01:04]} Nb2+ {[%clk 00:33:35]
[%emt 00:00:25]} 61. Kd2 {[%clk 00:01:55] [%emt 00:01:12]} Nc4+ {[%clk 00:33:21]
[%emt 00:00:44]} 62. Kd3 {[%clk 00:02:04] [%emt 00:00:21]} Nb2+ {[%clk 00:33:46]
[%emt 00:00:06]} 63. Kd2 {[%clk 00:02:18] [%emt 00:00:16]} Nc4+ {[%clk 00:34:10]
[%emt 00:00:05]} 64. Ke2 {[%clk 00:02:48] [%emt 00:00:01]} Ke6 {[%clk 00:33:36]
[%emt 00:01:03]} 65. Rd8 {[%clk 00:00:49] [%emt 00:02:30]} Ke7 {[%clk 00:33:56]
[%emt 00:00:10]} 66. Rh8 {[%clk 00:01:04] [%emt 00:00:15]} Ke6 {[%clk 00:34:16]
[%emt 00:00:10]} 67. Kd3 {[%clk 00:13:19] [%emt 00:03:15]} Kd5 {[%clk 00:48:46]
[%emt 00:01:00]} 68. Rd8+ {[%clk 00:09:24] [%emt 00:04:25]} Ke6 {[%clk 00:48:52]
[%emt 00:00:24]} 69. Ke2 {[%clk 00:08:36] [%emt 00:01:17]} Ke7 {[%clk 00:49:01]
[%emt 00:00:21]} 70. Rh8 {[%clk 00:08:54] [%emt 00:00:12]} Ke6 {[%clk 00:48:45]
[%emt 00:00:46]} 71. Be3 {[%clk 00:09:12] [%emt 00:00:13]} Re5 {[%clk 00:47:56]
[%emt 00:01:18]} 72. Rb8 {[%clk 00:06:35] [%emt 00:03:08]} Kf5 {[%clk 00:45:30]
[%emt 00:02:55]} 73. Rb7 {[%clk 00:05:42] [%emt 00:01:24]} Ke6 {[%clk 00:44:59]
[%emt 00:01:00]} 74. Kd3 {[%clk 00:04:57] [%emt 00:01:15]} Rd5+ {[%clk 00:45:19]
[%emt 00:00:09]} 75. Bd4 {[%clk 00:04:56] [%emt 00:00:32]} Rf5 {[%clk 00:45:41]
[%emt 00:00:09]} 76. Ke2 {[%clk 00:02:08] [%emt 00:03:19]} Kd6 {[%clk 00:45:31]
[%emt 00:00:39]} 77. Bc5+ {[%clk 00:02:21] [%emt 00:00:16]} Kc6 {[%clk 00:45:42]
[%emt 00:00:19]} 78. Rh7 {[%clk 00:02:34] [%emt 00:00:16]} Kd5 {[%clk 00:45:21]
[%emt 00:00:52]} 79. Bd4 {[%clk 00:02:22] [%emt 00:00:43]} Ke6 {[%clk 00:45:08]
[%emt 00:00:42]} 80. Be3 {[%clk 00:02:20] [%emt 00:00:32]} Re5 {[%clk 00:45:32]
[%emt 00:00:06]} 81. Rh8 {[%clk 00:02:06] [%emt 00:00:45]} Kd5 {[%clk 00:45:15]
[%emt 00:00:45]} 82. Rc8 {[%clk 00:01:22] [%emt 00:01:15]} Ke6 {[%clk 00:44:22]
[%emt 00:01:23]} 83. Kd3 {[%clk 00:01:40] [%emt 00:00:12]} Nb2+ {[%clk 00:44:23]
[%emt 00:00:29]} 84. Kd2 {[%clk 00:01:41] [%emt 00:00:30]} Nc4+ {[%clk 00:44:45]
[%emt 00:00:08]} 85. Ke2 {[%clk 00:02:10]} Kd7 {[%clk 00:43:18] [%emt 00:01:56]}
86. Rf8 {[%clk 00:01:46] [%emt 00:00:54]} Ke7 {[%clk 00:43:14] [%emt 00:00:34]}
87. Rb8 {[%clk 00:01:38] [%emt 00:00:39]} Ke6 {[%clk 00:42:53] [%emt 00:00:50]}
88. Rb7 {[%clk 00:02:04] [%emt 00:00:05]} Kd6 {[%clk 00:40:32] [%emt 00:02:51]}
89. Kd3 {[%clk 00:02:25] [%emt 00:00:09]} Kc6 {[%clk 00:40:43] [%emt 00:00:19]}
90. Rb8 {[%clk 00:02:14] [%emt 00:00:40]} Rd5+ {[%clk 00:40:53] [%emt 00:00:20]}
91. Bd4 {[%clk 00:02:27] [%emt 00:00:17]} Nd6 {[%clk 00:39:26] [%emt 00:01:57]}
92. Rh8 {[%clk 00:01:20] [%emt 00:01:36]} Rf5 {[%clk 00:39:32] [%emt 00:00:26]}
93. Bc5 {[%clk 00:01:33] [%emt 00:00:17]} Rd5+ {[%clk 00:39:05] [%emt 00:00:56]}
94. Kc2 {[%clk 00:01:29] [%emt 00:00:34]} Nc4 {[%clk 00:38:20] [%emt 00:01:16]}
95. Rh6+ {[%clk 00:01:58] [%emt 00:00:02]} Kd7 {[%emt 00:01:40]} 1/2-1/2

[Site "Europe Echecs"]

[Event "Grand Swiss "]
[Date "2025.09.08"]
[White "Korobov, Anton"]
[Black "Karthikeyan, Murali"]
[WhiteElo "2616"]
[BlackElo "2669"]
[Round "5.5.52"]
[Result "1-0"]

1. e4 {[%clk 01:40:57] [%emt 00:00:03]} e5 {[%clk 01:40:22] [%emt 00:00:38]} 2.
Nf3 {[%clk 01:41:20] [%emt 00:00:06]} Nc6 {[%clk 01:40:47] [%emt 00:00:06]} 3.
Bc4 {[%clk 01:41:44] [%emt 00:00:05]} Nf6 {[%clk 01:41:12] [%emt 00:00:06]} 4.
d3 {[%clk 01:42:07] [%emt 00:00:07]} h6 {[%clk 01:41:06] [%emt 00:00:36]} 5. O-O
{[%clk 01:41:37] [%emt 00:00:59]} d6 {[%clk 01:41:20] [%emt 00:00:16]} 6. a4
{[%clk 01:41:45] [%emt 00:00:21]} g6 {[%clk 01:41:40] [%emt 00:00:11]} 7. d4
{[%clk 01:41:37] [%emt 00:00:38]} Bg4 {[%clk 01:37:18] [%emt 00:04:53]} 8. dxe5
{[%clk 01:33:09] [%emt 00:08:58]} Nxe5 {[%clk 01:29:52] [%emt 00:07:56]} 9. Be2
{[%clk 01:32:19] [%emt 00:01:20]} Bxf3 {[%clk 01:29:33] [%emt 00:00:49]} 10.
Bxf3 {[%clk 01:32:02] [%emt 00:00:47]} Bg7 {[%clk 01:29:42] [%emt 00:00:21]} 11.
Nc3 {[%clk 01:31:20] [%emt 00:01:12]} O-O {[%clk 01:15:46] [%emt 00:14:26]} 12.
Be2 {[%clk 01:30:03] [%emt 00:01:46]} Re8 {[%clk 01:16:01] [%emt 00:00:16]} 13.
a5 {[%clk 01:21:36] [%emt 00:08:58]} a6 {[%clk 01:12:04] [%emt 00:04:26]} 14. f3
{[%clk 01:16:10] [%emt 00:05:55]} Nc6 {[%clk 01:07:08] [%emt 00:05:26]} 15. Bc4
{[%clk 01:09:02] [%emt 00:07:39]} Re5 {[%clk 00:46:17] [%emt 00:21:20]} 16. Nd5
{[%clk 01:08:10] [%emt 00:01:22]} Rh5 {[%clk 00:45:40] [%emt 00:01:07]} 17. g4
{[%clk 01:01:44] [%emt 00:06:57]} Re5 {[%clk 00:43:19] [%emt 00:02:50]} 18. Bf4
{[%clk 00:58:32] [%emt 00:03:42]} Re8 {[%clk 00:41:11] [%emt 00:02:38]} 19. c3
{[%clk 00:53:53] [%emt 00:05:10]} Ne5 {[%clk 00:40:21] [%emt 00:01:20]} 20. Bb3
{[%clk 00:51:25] [%emt 00:02:57]} Nxd5 {[%clk 00:33:20] [%emt 00:07:31]} 21.
Qxd5 {[%clk 00:50:26] [%emt 00:01:29]} Qe7 {[%clk 00:32:21] [%emt 00:01:30]} 22.
Bg3 {[%clk 00:43:00] [%emt 00:07:56]} Rad8 {[%clk 00:29:19] [%emt 00:03:32]} 23.
Rae1 {[%clk 00:41:21] [%emt 00:02:09]} c6 {[%clk 00:28:19] [%emt 00:01:30]} 24.
Qd1 {[%clk 00:41:22] [%emt 00:00:28]} g5 {[%clk 00:19:40] [%emt 00:09:09]} 25.
f4 {[%clk 00:38:49] [%emt 00:03:04]} gxf4 {[%clk 00:20:04] [%emt 00:00:06]} 26.
Rxf4 {[%clk 00:39:12] [%emt 00:00:06]} Rd7 {[%clk 00:16:55] [%emt 00:03:40]} 27.
Rf5 {[%clk 00:37:16] [%emt 00:02:26]} Qd8 {[%clk 00:17:04] [%emt 00:00:21]} 28.
g5 {[%clk 00:33:26] [%emt 00:04:20]} hxg5 {[%clk 00:16:44] [%emt 00:00:50]} 29.
Qh5 {[%clk 00:33:28] [%emt 00:00:28]} d5 {[%clk 00:07:57] [%emt 00:09:18]} 30.
exd5 {[%clk 00:32:42] [%emt 00:01:15]} Qxa5 {[%clk 00:03:28] [%emt 00:04:59]}
31. Rexe5 {[%clk 00:28:52] [%emt 00:04:20]} 1-0

[Site "Europe Echecs"]

[Event "Grand Swiss "]
[Date "2025.09.08"]
[White "Kollars, Dmitrij"]
[Black "Hammer, Jon Ludvig"]
[WhiteElo "2647"]
[BlackElo "2618"]
[Round "5.5.53"]
[Result "1-0"]

1. e4 {[%clk 01:40:55] [%emt 00:00:04]} e5 {[%clk 01:40:53] [%emt 00:00:07]} 2.
Nf3 {[%clk 01:41:20] [%emt 00:00:06]} Nc6 {[%clk 01:41:16] [%emt 00:00:06]} 3.
Bc4 {[%clk 01:41:40] [%emt 00:00:10]} Nf6 {[%clk 01:41:38] [%emt 00:00:08]} 4.
Ng5 {[%clk 01:41:47] [%emt 00:00:23]} d5 {[%clk 01:41:58] [%emt 00:00:09]} 5.
exd5 {[%clk 01:42:13] [%emt 00:00:05]} Nd4 {[%clk 01:40:41] [%emt 00:01:47]} 6.
c3 {[%clk 01:41:18] [%emt 00:01:26]} h6 {[%clk 01:41:05] [%emt 00:00:06]} 7.
cxd4 {[%clk 01:41:30] [%emt 00:00:17]} hxg5 {[%clk 01:41:29] [%emt 00:00:06]} 8.
dxe5 {[%clk 01:41:52] [%emt 00:00:09]} Nxd5 {[%clk 01:41:52] [%emt 00:00:07]} 9.
O-O {[%clk 01:41:34] [%emt 00:00:47]} Nb6 {[%clk 01:39:07] [%emt 00:03:15]} 10.
Bb3 {[%clk 01:41:46] [%emt 00:00:19]} Qd3 {[%clk 01:38:57] [%emt 00:00:39]} 11.
Qc2 {[%clk 01:41:40] [%emt 00:00:37]} Bf5 {[%clk 01:38:36] [%emt 00:00:50]} 12.
Qxc7 {[%clk 01:41:41] [%emt 00:00:29]} Be7 {[%clk 01:37:42] [%emt 00:01:23]} 13.
Qc3 {[%clk 01:41:43] [%emt 00:00:28]} Rh4 {[%clk 01:25:54] [%emt 00:12:19]} 14.
Re1 {[%clk 01:31:53] [%emt 00:10:21]} Rc8 {[%clk 01:19:18] [%emt 00:07:05]} 15.
Qxd3 {[%clk 01:32:11] [%emt 00:00:13]} Bxd3 {[%clk 01:19:42] [%emt 00:00:05]}
16. Nc3 {[%clk 01:31:20] [%emt 00:01:22]} Bc5 {[%clk 01:19:40] [%emt 00:00:32]}
17. g3 {[%clk 01:23:31] [%emt 00:08:19]} Rd4 {[%clk 01:19:34] [%emt 00:00:35]}
18. Bd1 {[%clk 01:19:58] [%emt 00:04:01]} Kf8 {[%clk 01:18:31] [%emt 00:01:36]}
19. Bf3 {[%clk 01:06:21] [%emt 00:14:06]} Re8 {[%clk 01:18:19] [%emt 00:00:42]}
20. b3 {[%clk 01:02:31] [%emt 00:04:21]} Nd7 {[%clk 00:29:45] [%emt 00:49:04]}
21. Bb2 {[%clk 00:50:06] [%emt 00:12:54]} Bf5 {[%clk 00:25:13] [%emt 00:05:03]}
22. Na4 {[%clk 00:41:04] [%emt 00:09:32]} Rxd2 {[%clk 00:25:36] [%emt 00:00:07]}
23. Nxc5 {[%clk 00:41:23] [%emt 00:00:11]} Rxb2 {[%clk 00:24:19] [%emt
00:01:47]} 24. Nxd7+ {[%clk 00:40:28] [%emt 00:01:24]} Bxd7 {[%clk 00:24:47]
[%emt 00:00:02]} 25. Bxb7 {[%clk 00:40:51] [%emt 00:00:07]} Bf5 {[%clk 00:13:00]
[%emt 00:12:17]} 26. Ba6 {[%clk 00:38:45] [%emt 00:02:37]} Bg4 {[%clk 00:13:05]
[%emt 00:00:25]} 27. Re4 {[%clk 00:27:33] [%emt 00:11:41]} Bf3 {[%clk 00:13:18]
[%emt 00:00:17]} 28. Re3 {[%clk 00:27:59] [%emt 00:00:05]} g4 {[%clk 00:13:40]
[%emt 00:00:08]} 29. h3 {[%clk 00:27:39] [%emt 00:00:49]} f5 {[%clk 00:05:40]
[%emt 00:08:31]} 30. Bd3 {[%clk 00:24:23] [%emt 00:03:45]} g6 {[%clk 00:06:08]
[%emt 00:00:03]} 31. hxg4 {[%clk 00:24:43] [%emt 00:00:10]} fxg4 {[%clk
00:06:31] [%emt 00:00:06]} 32. Rae1 {[%clk 00:19:50] [%emt 00:05:23]} Rxa2
{[%clk 00:03:35] [%emt 00:03:26]} 33. Bxg6 {[%clk 00:19:12] [%emt 00:01:07]} Rd8
{[%clk 00:03:55] [%emt 00:00:11]} 34. Be4 {[%clk 00:18:11] [%emt 00:01:31]} Bd1
{[%clk 00:04:22] [%emt 00:00:04]} 35. Rc3 {[%clk 00:11:54] [%emt 00:06:46]} Ke7
{[%clk 00:03:21] [%emt 00:01:32]} 36. Bd3 {[%clk 00:10:05] [%emt 00:02:19]} Rd2
{[%clk 00:03:28] [%emt 00:00:22]} 37. Bf5 {[%clk 00:07:40] [%emt 00:02:56]} Re2
{[%clk 00:02:42] [%emt 00:01:16]} 38. Rc7+ {[%clk 00:06:39] [%emt 00:01:30]} Kf8
{[%clk 00:03:08] [%emt 00:00:03]} 39. Rxe2 {[%clk 00:07:01] [%emt 00:00:10]}
Bxe2 {[%clk 00:03:31] [%emt 00:00:07]} 40. Bd7 {[%clk 00:01:47] [%emt 00:05:43]}
a5 {[%clk 00:01:13] [%emt 00:02:49]} 41. Bc6 {[%clk 00:28:35] [%emt 00:23:41]}
Rd1+ {[%clk 00:46:47] [%emt 00:04:56]} 42. Kh2 {[%clk 00:27:05] [%emt 00:02:01]}
Re1 {[%clk 00:46:38] [%emt 00:00:39]} 43. e6 {[%clk 00:26:35] [%emt 00:01:00]}
Bd1 {[%clk 00:44:47] [%emt 00:02:20]} 44. Rf7+ {[%clk 00:25:26] [%emt 00:01:39]}
Kg8 {[%clk 00:45:16] [%emt 00:00:01]} 45. Bd5 {[%clk 00:25:25] [%emt 00:00:31]}
Re5 {[%clk 00:45:40] [%emt 00:00:07]} 46. e7 {[%clk 00:25:04] [%emt 00:00:51]}
1-0

[Site "Europe Echecs"]